000 01986nam a22003377a 4500
005 20120305123314.0
010 _aENG-104863 B-489197-200
020 _a9788189738648
_c995.00
035 _aEN-88396 B-489197-200
037 _bDBAD/PUB
037 _bKBD/
082 _a954.87
100 _aSen Gupta, Subhadra
_954923
245 _aHampi :
_cby Subhadra Sen Gupta ; edited by Madhuparna Banerjee ; photographed by Clare Arni
_bdiscover the splendours of Vijayanagar /
260 _aNew Delhi
_bNiyogi Books
_c2011
270 _aD-78, Okhla Industrial Area, Phase-I
_bNew Delhi
_e110020
300 _a262p. :
_c24cm(Hb)
_bcol. ill., maps
500 _a"A world heritage site"--Cover.
500 _aIncludes bibliographical references (p. [253]) and index.
650 _aMonuments
_zIndia
_zHampi.
_954924
650 _aArchitecture, Vijayanagara
_zIndia
_zHampi.
_954925
700 _aBanerjee, Madhuparna
_943435
700 _aArni, Clare.
_943436
942 _2ddc
_cEN
_h954.87
_mSEN
999 _c63762
_d63762